[Event "European Rapid 2021"]
[Site "Katowice POL"]
[Date "2021.12.18"]
[Round "1.30"]
[White "Lapa, Aleksandra"]
[Black "Wieczorek, Oskar"]
[Result "0-1"]
[BlackTitle "GM"]
[WhiteElo "1681"]
[BlackElo "2500"]
[WhiteFideId "1149326"]
[BlackFideId "1133950"]
[EventDate "2021.12.18"]

1. c4 Nf6 2. Nc3 e5 3. g3 Nc6 4. Bg2 g6 5. e4 Bg7 6. Nge2 O-O 7. O-O d6 8. h3 a6
9. d3 Rb8 10. a4 Nd4 11. Nxd4 exd4 12. Ne2 Nd7 13. f4 f5 14. exf5 gxf5 15. b4 c5
16. b5 Nf6 17. Rb1 Be6 18. Ba3 axb5 19. Rxb5 b6 20. Kh2 Re8 21. Bc6 Bd7 22. Bxd7
Qxd7 23. Ng1 Ra8 24. Bc1 Ra6 25. Qb3 Rea8 26. Rxb6 Rxb6 27. Qxb6 Qxa4 28. Re1
Qc2+ 29. Kh1 Qxd3 30. Qxd6 Qxc4 31. Nf3 Qd5 32. Qxd5+ Nxd5 33. Ng5 c4 34. Ne6
Re8 0-1

[Event "European Rapid 2021"]
[Site "Katowice POL"]
[Date "2021.12.18"]
[Round "1.31"]
[White "Piesik, Piotr"]
[Black "Hertlein, Irena"]
[Result "1-0"]
[WhiteTitle "IM"]
[WhiteElo "2407"]
[BlackElo "1918"]
[WhiteFideId "1136194"]
[BlackFideId "21817618"]
[EventDate "2021.12.18"]

1. Nf3 d5 2. g3 e6 3. Bg2 c5 4. O-O Nc6 5. d3 Nf6 6. Nbd2 Be7 7. e4 O-O 8. Re1
b5 9. e5 Nd7 10. c3 a5 11. Nf1 Ba6 12. h4 b4 13. h5 Qb6 14. h6 g6 15. N1h2 a4
16. c4 dxc4 17. dxc4 Rad8 18. Qxa4 Bxc4 19. Ng4 Bd5 20. Ne3 Bxf3 21. Nc4 Qc7 22.
Bxf3 Ncxe5 23. Nxe5 Nxe5 24. Be2 Nd3 25. Bxd3 Rxd3 26. Be3 c4 27. Rac1 c3 28.
Qb5 Rfd8 29. bxc3 bxc3 30. a4 c2 31. Qb2 Bf8 32. Rxc2 Qa5 33. Rce2 Qxa4 34. Bg5
Rc8 35. Qf6 Qd4 36. Rxe6 Rxg3+ 37. Kh2 Rxg5 38. Qxd4 fxe6 39. Qd7 Rh5+ 40. Kg2
Rcc5 41. Qxe6+ Kh8 42. Qf6+ Kg8 43. Qe6+ Kh8 44. Qf6+ Kg8 45. Re8 Rhg5+ 46. Kf1
Rc1+ 47. Ke2 Rc2+ 48. Kd3 1-0

[Event "European Rapid 2021"]
[Site "Katowice POL"]
[Date "2021.12.18"]
[Round "1.32"]
[White "Pyclik, Blazej"]
[Black "Reimanis, Ritvars"]
[Result "0-1"]
[BlackTitle "IM"]
[WhiteElo "1553"]
[BlackElo "2397"]
[WhiteFideId "1144057"]
[BlackFideId "11602988"]
[EventDate "2021.12.18"]

1. c4 e6 2. g3 d5 3. Bg2 Nf6 4. Nf3 d4 5. d3 h6 6. a3 c5 7. Nbd2 Nc6 8. Rb1 a5
9. O-O Bd6 10. Ne1 e5 11. Nc2 O-O 12. Nf3 Re8 13. e4 Rb8 14. Bd2 b5 15. b3 Be6
16. h3 Re7 17. Nh4 Reb7 18. Ra1 a4 19. bxa4 bxc4 20. dxc4 Bxc4 21. Re1 Bb3 22.
Qc1 Bf8 23. f4 Bxa4 24. Rf1 Rb3 25. Kh2 Nh5 26. Rf3 exf4 27. Ne1 fxg3+ 28. Kh1
Qxh4 29. Rxb3 Rxb3 30. Qc4 Rb2 31. Nf3 Qxe4 32. Qxa4 Nf4 33. Re1 Rb1 34. Qc4
Rxe1+ 35. Bxe1 Nxg2 36. Kxg2 Ne5 37. Qf1 Nxf3 38. Qxf3 Qxe1 39. a4 c4 40. a5
Qxa5 41. Qxg3 Qg5 0-1

[Event "European Rapid 2021"]
[Site "Katowice POL"]
[Date "2021.12.18"]
[Round "1.33"]
[White "Nasuta, Grzegorz"]
[Black "Arata, Alessio"]
[Result "1-0"]
[WhiteTitle "GM"]
[WhiteElo "2521"]
[BlackElo "1514"]
[WhiteFideId "1141686"]
[BlackFideId "896594"]
[EventDate "2021.12.18"]

1. e4 e5 2. Nf3 Nc6 3. Bc4 Bc5 4. O-O Nf6 5. d3 h6 6. c3 d6 7. Bb3 O-O 8. h3 Bd7
9. Re1 Bb6 10. Nbd2 Ne7 11. Nf1 Ng6 12. Ng3 Re8 13. d4 Be6 14. Bc2 c6 15. Be3
Qc7 16. Qc1 Rad8 17. a4 a5 18. Rb1 d5 19. Nxe5 Nxe5 20. dxe5 Bxe3 21. Qxe3 Qxe5
22. f4 Qc7 23. e5 Ne4 24. Nxe4 dxe4 25. Qxe4 g6 26. Qe3 Kg7 27. Rf1 Qc8 28. g4
Bc4 29. Rf2 Be6 30. f5 gxf5 31. gxf5 Bd5 32. f6+ Kg8 33. Qg3+ Kh8 34. Qg7# 1-0

[Event "European Rapid 2021"]
[Site "Katowice POL"]
[Date "2021.12.18"]
[Round "1.34"]
[White "Buchta, Bartolomej"]
[Black "Teclaf, Pawel"]
[Result "0-1"]
[BlackTitle "IM"]
[WhiteElo "1936"]
[BlackElo "2542"]
[WhiteFideId "23702885"]
[BlackFideId "1185934"]
[EventDate "2021.12.18"]

1. a3 g6 2. d4 Nf6 3. Nf3 Bg7 4. g3 b6 5. Bg2 Bb7 6. c4 O-O 7. O-O e6 8. Nc3 Ne4
9. Qc2 Nxc3 10. bxc3 Nc6 11. e4 Na5 12. Nd2 Ba6 13. Qa4 Qe8 14. Re1 d6 15. Qxe8
Rfxe8 16. e5 Rad8 17. Bf1 dxe5 18. dxe5 Rd7 19. Rb1 Red8 20. c5 Bxf1 21. Kxf1
Rxd2 22. Bxd2 Rxd2 23. cxb6 axb6 24. h4 Nc4 25. f4 Bf8 26. a4 Bc5 27. Re2 Rd3
28. g4 Rxc3 29. h5 Rg3 30. Rg2 Ne3+ 0-1

[Event "European Rapid 2021"]
[Site "Katowice POL"]
[Date "2021.12.18"]
[Round "1.35"]
[White "Keinanen, Toivo"]
[Black "Fudala, Dominik"]
[Result "1-0"]
[WhiteTitle "IM"]
[WhiteElo "2468"]
[BlackElo "1516"]
[WhiteFideId "509825"]
[BlackFideId "1189298"]
[EventDate "2021.12.18"]

1. c4 e5 2. g3 d6 3. Nc3 Nc6 4. Nf3 Nf6 5. Bg2 Be6 6. b3 Qc8 7. d4 Bh3 8. O-O
Bxg2 9. Kxg2 Be7 10. dxe5 dxe5 11. Nd5 Nd7 12. Qc2 f6 13. Nh4 O-O 14. Nf5 Re8
15. Be3 Nf8 16. Qe4 Bd8 17. g4 Qe6 18. Rad1 Rb8 19. h3 Qf7 20. Rd2 b6 21. Nxb6
cxb6 22. Qxc6 Be7 23. Rfd1 Rbc8 24. Qe4 Bb4 25. Rd3 Qe6 26. Qb7 Qf7 27. Qxf7+
Kxf7 28. c5 e4 29. Rd5 1-0

[Event "European Rapid 2021"]
[Site "Katowice POL"]
[Date "2021.12.18"]
[Round "1.36"]
[White "Sliz, Karol"]
[Black "Spalir, Jernej"]
[Result "1/2-1/2"]
[BlackTitle "IM"]
[WhiteElo "1378"]
[BlackElo "2373"]
[WhiteFideId "21881499"]
[BlackFideId "14606518"]
[EventDate "2021.12.18"]

1. e4 e5 2. Nc3 Nf6 3. Bc4 Nc6 4. d3 Bb4 5. Ne2 O-O 6. O-O Na5 7. Bg5 Nxc4 8.
dxc4 Be7 9. Qd3 d6 10. b3 h6 11. Be3 c6 12. f3 Qc7 13. Rfd1 Nh5 14. Qd2 Be6 15.
g4 Nf6 16. Ng3 Rfd8 17. Nf5 Bf8 18. g5 Nh5 19. gxh6 g6 20. Ng3 Nxg3 21. hxg3 f6
22. Kg2 Kh7 23. Qe2 Qa5 24. Bd2 Qc7 25. Be3 Be7 26. Rd3 Rh8 27. Qf2 b6 28. f4 g5
29. f5 Bf7 30. Rh1 Rad8 31. g4 Rd7 32. Qf3 Rhd8 33. Rhd1 Rh8 34. Rh1 Rhd8 35.
Rhd1 Bf8 36. a4 Bg8 37. Kf2 Bf7 38. Kg2 Qb7 39. Kf2 Be7 40. Qh1 Qa6 41. Qh3 Qc8
42. Qh1 Rh8 43. c5 Rhd8 44. cxb6 a5 1/2-1/2

[Event "European Rapid 2021"]
[Site "Katowice POL"]
[Date "2021.12.18"]
[Round "1.38"]
[White "Lonski, Aleksander"]
[Black "Bjerre, Jonas Buhl"]
[Result "0-1"]
[BlackTitle "GM"]
[WhiteElo "1412"]
[BlackElo "2586"]
[WhiteFideId "21016321"]
[BlackFideId "1444948"]
[EventDate "2021.12.18"]

1. e4 c5 2. c4 Nc6 3. g3 g6 4. Nc3 Bg7 5. Nge2 a6 6. Bg2 b5 7. O-O bxc4 8. Qa4
Rb8 9. Qxc4 d6 10. f4 Rb4 11. Qd3 e6 12. Qc2 Nge7 13. d3 O-O 14. a3 Rb8 15. Be3
Nd4 16. Bxd4 cxd4 17. Nd1 Qb6 18. b4 Bd7 19. Nf2 Rfc8 20. Qd2 Rc3 21. Nxc3 dxc3
22. Qc2 Nc6 23. Kh1 Rc8 24. Rac1 Nd4 25. Qa2 c2 26. e5 dxe5 27. Ne4 exf4 28. Nc5
f3 29. Rxf3 Nxf3 30. Bxf3 Bc6 31. Bg2 Bxg2+ 32. Kxg2 Qc6+ 33. Kh3 Rd8 34. Qxc2
Bh6 35. Ne4 Qxc2 36. Rxc2 Rxd3 37. Nf6+ Kg7 38. Ne8+ Kf8 39. Nc7 Rxa3 40. Rc6 a5
41. b5 Be3 42. b6 Rb3 43. Na8 a4 44. Rc4 a3 45. Ra4 Bxb6 46. Nxb6 Rxb6 47. Rxa3
Rb4 48. Ra5 Kg7 49. Kg2 h5 50. Ra7 h4 51. Rc7 g5 52. Ra7 Kg6 53. Ra5 f5 54. Ra8
Rb2+ 55. Kg1 hxg3 56. hxg3 Kh5 0-1

[Event "European Rapid 2021"]
[Site "Katowice POL"]
[Date "2021.12.18"]
[Round "1.40"]
[White "Merecki, Antoni"]
[Black "Balacek, Tadeas"]
[Result "1/2-1/2"]
[BlackTitle "CM"]
[WhiteElo "1418"]
[BlackElo "2367"]
[WhiteFideId "21881430"]
[BlackFideId "327646"]
[EventDate "2021.12.18"]

1. e4 e6 2. d4 d5 3. exd5 exd5 4. Nf3 Nf6 5. Bd3 c5 6. O-O c4 7. Re1+ Be7 8. Bf1
O-O 9. b3 cxb3 10. axb3 Nc6 11. Ne5 Bf5 12. Nxc6 bxc6 13. Rxe7 Qxe7 14. Ba3 Qe4
15. Bxf8 Kxf8 16. c3 Re8 17. Nd2 Qe7 18. b4 h6 19. Ra6 Qe1 20. Ra1 Qe7 21. Qa4
Qd6 22. Qxa7 Qf4 23. Nf3 Ne4 24. Bd3 Nd2 25. Bxf5 Nxf3+ 26. gxf3 Qxf5 27. Qb7
Qxf3 28. Qxc6 Qg4+ 29. Kh1 Qe4+ 30. Kg1 Qg4+ 31. Kh1 Qf3+ 32. Kg1 Qg4+ 33. Kh1 1/2-1/2

[Event "European Rapid 2021"]
[Site "Katowice POL"]
[Date "2021.12.18"]
[Round "1.42"]
[White "Kalkowski, Igor"]
[Black "Kozak, Antoni"]
[Result "0-1"]
[WhiteElo "1893"]
[BlackElo "2356"]
[WhiteFideId "21833966"]
[BlackFideId "21832030"]
[EventDate "2021.12.18"]

1. e4 c6 2. c4 d5 3. exd5 cxd5 4. d4 Nf6 5. Nc3 g6 6. Qb3 Bg7 7. cxd5 O-O 8. Be2
Nbd7 9. Bf3 Nb6 10. Nge2 Bf5 11. a4 Qd7 12. a5 Nc8 13. Na4 Nd6 14. Nc5 Qc8 15.
O-O h6 16. Bf4 g5 17. Bxd6 exd6 18. Nxb7 Rb8 19. a6 g4 20. Ng3 gxf3 21. Qxf3 Bg6
22. Rac1 Qg4 23. Qxg4 Nxg4 24. Nxd6 Rxb2 25. Ndf5 h5 26. d6 h4 27. Ne7+ Kh7 28.
Ngf5 Rb5 29. Rc5 Rb6 30. Rfc1 Rxa6 31. d7 Rd8 32. Rc7 Nf6 33. Nxg7 Kxg7 34. Nc6 0-1

[Event "European Rapid 2021"]
[Site "Katowice POL"]
[Date "2021.12.18"]
[Round "1.44"]
[White "Olej, Dariusz"]
[Black "Kosakowski, Jakub"]
[Result "0-1"]
[BlackTitle "IM"]
[WhiteElo "1484"]
[BlackElo "2437"]
[WhiteFideId "1162691"]
[BlackFideId "1185080"]
[EventDate "2021.12.18"]

1. Nf3 Nf6 2. c4 e6 3. Nc3 Bb4 4. a3 Bxc3 5. bxc3 O-O 6. d4 b6 7. Bg5 h6 8. Bh4
Bb7 9. e3 d6 10. Bd3 Nbd7 11. h3 e5 12. d5 e4 13. Bxe4 g5 14. Bxg5 hxg5 15. Nxg5
Nxe4 16. Nxe4 f5 17. Qh5 Qe7 18. Ng5 Rf6 19. h4 Qg7 20. Rc1 Ne5 21. Kf1 Ng4 22.
Ne6 Nxe3+ 23. fxe3 Rxe6 24. Kf2 Rh6 25. Qe2 Kh8 26. Rh3 Rg8 27. Rg1 Qxc3 28. h5
Qf6 29. Rf1 Rg4 30. Kg1 Qg5 31. Qb2+ Kh7 32. Rf2 c6 33. Qc2 cxd5 34. cxd5 Bxd5
35. Qc7+ Qg7 36. Qxg7+ Kxg7 37. Rxf5 Bxg2 0-1

[Event "European Rapid 2021"]
[Site "Katowice POL"]
[Date "2021.12.18"]
[Round "1.46"]
[White "Chodorowski, Adrian"]
[Black "Wisniewski, Adrian"]
[Result "0-1"]
[BlackTitle "FM"]
[WhiteElo "1380"]
[BlackElo "2351"]
[WhiteFideId "21802076"]
[BlackFideId "1115944"]
[EventDate "2021.12.18"]

1. e4 e6 2. Nf3 d5 3. exd5 exd5 4. d4 Nf6 5. Nc3 c6 6. Be2 Bd6 7. O-O O-O 8. Bg5
Bg4 9. h3 Bh5 10. Re1 Nbd7 11. Ne5 Bxe2 12. Rxe2 Qc7 13. Qd2 Nxe5 14. Bxf6 Ng6
15. Bg5 f5 16. Rae1 h6 17. Re6 Kh7 18. Bxh6 gxh6 19. Ne2 Rae8 20. Ng3 Rxe6 21.
Rxe6 Bxg3 22. fxg3 Qxg3 23. Qe2 Rf7 24. Qh5 Qg5 25. Qf3 Rg7 26. Re2 Nh4 27. Qf1
f4 28. Rf2 f3 29. g4 Qe3 30. Kh2 Qxd4 31. Qe1 Qf4+ 32. Kh1 Ng6 33. Qd1 Rf7 34.
Qg1 Re7 35. Qf1 Re3 36. c3 Ne5 37. b3 Nd3 38. Qb1 Qe4 39. Rf1 f2+ 40. Kh2 Qf4+
41. Kg2 Qg3+ 42. Kh1 Qxh3# 0-1

[Event "European Rapid 2021"]
[Site "Katowice POL"]
[Date "2021.12.18"]
[Round "1.49"]
[White "Skawinski, Arkadiusz"]
[Black "Karut, Kacper"]
[Result "1-0"]
[WhiteTitle "FM"]
[WhiteElo "2366"]
[BlackElo "1826"]
[WhiteFideId "1126415"]
[BlackFideId "21861382"]
[EventDate "2021.12.18"]

1. e4 c5 2. Nf3 d6 3. Bb5+ Bd7 4. Bxd7+ Qxd7 5. c4 Nc6 6. d4 cxd4 7. Nxd4 g6 8.
Nc3 Bg7 9. Be3 e6 10. O-O Nge7 11. Qd3 Rd8 12. Rad1 Nxd4 13. Bxd4 O-O 14. Bxg7
Kxg7 15. Qd4+ e5 16. Qxa7 Qc6 17. b3 f5 18. Qe3 fxe4 19. Qxe4 Nf5 20. Nd5 Rd7
21. a4 Rdf7 22. Rd3 Nd4 23. f3 Qc5 24. Rxd4 Qxd4+ 25. Qxd4 exd4 26. Rd1 Re8 27.
Kf2 Rf5 28. Rxd4 Rfe5 29. Rd2 Re1 30. Nc3 R1e3 31. Ne4 Rxb3 32. Rxd6 Re7 33. a5
Rc7 34. Nd2 Ra3 35. Rd5 Ra2 36. Ke3 Kf7 37. g4 Ke6 38. Rb5 Ra3+ 39. Kf4 Rd3 40.
Ne4 Rxc4 41. Rb6+ Kd5 42. Rd6# 1-0

[Event "European Rapid 2021"]
[Site "Katowice POL"]
[Date "2021.12.18"]
[Round "1.50"]
[White "Hampel, Anna"]
[Black "Szwed, Jacek"]
[Result "0-1"]
[BlackTitle "FM"]
[WhiteElo "1667"]
[BlackElo "2355"]
[WhiteFideId "1187643"]
[BlackFideId "1126431"]
[EventDate "2021.12.18"]

1. e4 c5 2. Nf3 e6 3. d4 cxd4 4. Nxd4 Nc6 5. Nc3 Qc7 6. Nxc6 dxc6 7. Bd3 Nf6 8.
O-O e5 9. f4 Bd6 10. Qf3 exf4 11. Bxf4 Bxf4 12. Qxf4 Qxf4 13. Rxf4 Ng4 14. Bc4
Ne5 15. Bb3 Ke7 16. Rd1 h5 17. Na4 b6 18. h3 Ba6 19. Rf2 f6 20. Rfd2 Rad8 21.
Kf2 Rxd2+ 22. Rxd2 h4 23. Nc3 Rh5 24. Ne2 Bxe2 25. Kxe2 Rg5 26. Ke3 Rg3+ 27. Kf2
Ng6 28. Ba4 Nf4 29. Kf1 b5 30. Bb3 Re3 31. a4 Rxe4 32. axb5 cxb5 33. Kf2 Re5 34.
Kf3 g5 35. c3 f5 36. Bc2 Nd5 37. Bd3 Nb6 38. Re2 Rxe2 39. Kxe2 Nc4 40. Bxf5 Nxb2
41. Kf3 Nc4 42. Bc2 Nd6 43. Kg4 Kf6 44. Bd3 a5 45. Kf3 Ke5 46. Ke3 Nc4+ 47. Ke2
Kf4 48. Kf2 a4 49. Bb1 Nd2 50. Bd3 a3 0-1

[Event "European Rapid 2021"]
[Site "Katowice POL"]
[Date "2021.12.18"]
[Round "1.52"]
[White "Nadal Tur, Antonio"]
[Black "Kalogeris, Ioannis"]
[Result "0-1"]
[BlackTitle "FM"]
[WhiteElo "1724"]
[BlackElo "2368"]
[WhiteFideId "32016921"]
[BlackFideId "4239563"]
[EventDate "2021.12.18"]

1. e4 e5 2. f4 exf4 3. Nf3 g5 4. Bc4 d6 5. O-O Be6 6. Bb5+ c6 7. Ba4 g4 8. d4
gxf3 9. Qxf3 d5 10. e5 Nd7 11. Bxf4 Qb6 12. c3 h5 13. Bb3 Ne7 14. Nd2 Ng6 15.
Be3 Bh6 16. Bxh6 Rxh6 17. Kh1 O-O-O 18. a4 a5 19. Qf2 h4 20. c4 h3 21. g3 Ne7
22. c5 Qb4 23. Bd1 f6 24. Ra3 fxe5 25. dxe5 Qxc5 26. Qf4 Rhh8 27. Rc3 Qb4 28.
Qg5 Rdg8 29. Qe3 d4 0-1

[Event "European Rapid 2021"]
[Site "Katowice POL"]
[Date "2021.12.18"]
[Round "1.55"]
[White "Grabarczyk, Miroslaw"]
[Black "Trojan, Matyas"]
[Result "1-0"]
[WhiteTitle "GM"]
[WhiteElo "2371"]
[BlackElo "1600"]
[WhiteFideId "1101684"]
[BlackFideId "23710764"]
[EventDate "2021.12.18"]

1. d4 d5 2. c4 e6 3. Nf3 Nf6 4. g3 Nbd7 5. Bg2 Be7 6. O-O O-O 7. Qc2 c5 8. Rd1
b6 9. Nc3 Bb7 10. cxd5 Nxd5 11. Nxd5 Bxd5 12. e4 Bb7 13. d5 exd5 14. exd5 Nf6
15. d6 Bxd6 16. Bf4 Ne4 17. Ng5 Nxg5 18. Rxd6 Qe7 19. Bxg5 Qxd6 20. Bxb7 Rae8
21. Rd1 Qc7 22. Bf3 f6 23. Bf4 Qe7 24. Bd6 1-0

[Event "European Rapid 2021"]
[Site "Katowice POL"]
[Date "2021.12.18"]
[Round "1.59"]
[White "Molenda, Marcin"]
[Black "Maslanka, Wojciech"]
[Result "1-0"]
[WhiteTitle "FM"]
[WhiteElo "2365"]
[BlackElo "1907"]
[WhiteFideId "1173065"]
[BlackFideId "21846960"]
[EventDate "2021.12.18"]

1. d4 Nf6 2. c4 e6 3. Nf3 b6 4. g3 Bb7 5. Bg2 Bb4+ 6. Bd2 c5 7. d5 Bxd2+ 8.
Nfxd2 exd5 9. Nc3 d6 10. cxd5 O-O 11. O-O Ba6 12. a4 Nbd7 13. Nb5 Bxb5 14. axb5
a6 15. Nc4 axb5 16. Nxd6 Rxa1 17. Qxa1 Qe7 18. Nxb5 Qxe2 19. Nc3 Qc4 20. Re1 Qb4
21. Re2 Re8 22. Rxe8+ Nxe8 23. Qa8 Nf6 24. d6 Qxb2 25. d7 Qc1+ 26. Bf1 Nxd7 27.
Qxe8+ Nf8 28. Nd5 g6 29. Nxb6 Qd1 30. Nc4 Qd4 31. Qe5 Qxe5 32. Nxe5 f6 33. Bc4+
Kg7 34. Nd3 Nd7 35. Bb5 1-0

[Event "European Rapid 2021"]
[Site "Katowice POL"]
[Date "2021.12.18"]
[Round "1.60"]
[White "Kindler, Karolina"]
[Black "Godzwon, Iwo"]
[Result "0-1"]
[BlackTitle "FM"]
[WhiteElo "1801"]
[BlackElo "2352"]
[WhiteFideId "1172760"]
[BlackFideId "21802483"]
[EventDate "2021.12.18"]

1. d4 Nf6 2. Nf3 g6 3. c4 Bg7 4. Nc3 O-O 5. Bf4 d6 6. h3 b6 7. e3 Bb7 8. Be2
Nbd7 9. O-O Ne4 10. Qc2 Nxc3 11. Qxc3 e5 12. Bh2 Qe7 13. Rfe1 a5 14. a4 f5 15.
Rad1 e4 16. Nd2 Kh8 17. Qb3 Bc6 18. Nb1 g5 19. Nc3 Qf7 20. Nd5 Nf6 21. Nxf6 Bxf6
22. Qc2 Rab8 23. b3 Bg7 24. c5 bxc5 25. dxc5 d5 26. f3 f4 27. exf4 gxf4 28. fxe4
dxe4 29. Bc4 Qf5 30. Qf2 e3 31. Qe2 f3 0-1

[Event "European Rapid 2021"]
[Site "Katowice POL"]
[Date "2021.12.18"]
[Round "2.1"]
[White "Grzesik, Gracjan"]
[Black "Motylev, Alexander"]
[Result "0-1"]
[BlackTitle "GM"]
[WhiteElo "2208"]
[BlackElo "2633"]
[WhiteFideId "1194593"]
[BlackFideId "4121830"]
[EventDate "2021.12.18"]

1. c4 e6 2. Nc3 Nf6 3. e4 c5 4. Nf3 Nc6 5. Be2 e5 6. d3 d6 7. O-O g6 8. h3 Bg7
9. Be3 O-O 10. Qd2 Ne8 11. Nh2 Nc7 12. Nd5 Ne6 13. f4 f5 14. exf5 gxf5 15. fxe5
dxe5 16. Bh6 Bxh6 17. Qxh6 Ned4 18. Rae1 Be6 19. Nf3 Bxd5 20. Ng5 Qe7 21. cxd5
Nb4 22. d6 Qg7 23. Qxg7+ Kxg7 24. Bh5 Kh6 25. Nf7+ Kxh5 26. Nxe5 Rad8 27. g4+
Kg5 28. d7 Nbc2 29. Rd1 Ne3 30. Rde1 Nxf1 31. Rxf1 Kf6 32. Re1 Ke6 0-1

[Event "European Rapid 2021"]
[Site "Katowice POL"]
[Date "2021.12.18"]
[Round "2.2"]
[White "Demchenko, Anton"]
[Black "Sotsky, Alexander"]
[Result "1-0"]
[WhiteTitle "GM"]
[BlackTitle "IM"]
[WhiteElo "2654"]
[BlackElo "2333"]
[WhiteFideId "4160258"]
[BlackFideId "4130715"]
[EventDate "2021.12.18"]

1. e4 e6 2. d4 d5 3. Nc3 dxe4 4. Nxe4 Bd7 5. c4 Bc6 6. Nc3 Nf6 7. Be3 Be7 8. Nf3
Bxf3 9. Qxf3 c6 10. g4 h5 11. gxh5 Rxh5 12. O-O-O Qa5 13. Bd3 Nbd7 14. Rhg1 g6
15. Bd2 Qc7 16. Rxg6 Qxh2 17. Bf4 Rh3 18. Rg3 Rxg3 19. fxg3 Qh5 20. Be2 Qa5 21.
Bd2 Qb6 22. c5 Qc7 23. g4 Nd5 24. Rf1 f6 25. Qe4 Nf8 26. Nxd5 cxd5 27. Bb5+ Kf7
28. Qe2 Qg3 29. g5 f5 30. Qh5+ Kg8 31. Rh1 Rc8 32. Kb1 a6 33. Be8 Rxe8 34. Qxe8
Bxg5 35. Bxg5 Qxg5 36. Qb8 Qe3 37. Rc1 Qe4+ 38. Ka1 Qe3 39. Rd1 f4 40. Qxb7 f3
41. Qxa6 Ng6 42. a3 f2 43. c6 Ne7 44. c7 Qf3 45. Rf1 1-0

[Event "European Rapid 2021"]
[Site "Katowice POL"]
[Date "2021.12.18"]
[Round "2.3"]
[White "Gerasimenyuk, Mikhail"]
[Black "Kovalenko, Igor"]
[Result "0-1"]
[WhiteTitle "FM"]
[BlackTitle "GM"]
[WhiteElo "2136"]
[BlackElo "2668"]
[WhiteFideId "14111845"]
[BlackFideId "14117908"]
[EventDate "2021.12.18"]

1. d4 Nf6 2. Nf3 b6 3. Bg5 Bb7 4. e3 e6 5. Bd3 d6 6. Nbd2 Nbd7 7. c3 h6 8. Bf4
g5 9. Bg3 a6 10. Qe2 Bg7 11. e4 Nh5 12. O-O O-O 13. Rad1 Qe7 14. e5 Nxg3 15.
hxg3 b5 16. Rfe1 Rfe8 17. Bb1 Rad8 18. Nf1 g4 19. Nh4 dxe5 20. Qxg4 Qg5 21. Qe2
exd4 22. cxd4 Nf8 23. Nh2 Rxd4 24. N2f3 Rxd1 25. Nxg5 Rxe1+ 26. Qxe1 hxg5 27.
Nf3 Bxf3 28. gxf3 Bxb2 29. Qa5 Rd8 30. Kg2 Rd5 31. Qxc7 Bf6 32. Qc1 Kg7 33. Be4
Rd4 34. Bb7 Ra4 35. Qc2 Nd7 36. Be4 Rc4 37. Qd2 Nc5 38. Qd6 Nxe4 39. fxe4 Rxe4
40. Qxa6 Ra4 41. Qxb5 Rxa2 42. Qb3 Rd2 43. Qe3 Rd5 44. Kh3 Bd4 45. Qe2 Kg6 46.
Qe4+ Kg7 47. Qe2 Rf5 48. f3 Rd5 49. Qe4 Bc5 50. Qe2 Bd6 51. Qb2+ Kg6 52. Qc2+
Kf6 53. Qc3+ Ke7 54. Qg7 Rf5 55. Kg2 Be5 56. Qg8 Bf6 57. Qa8 Rd5 58. Qb7+ Kf8
59. Qb4+ Kg7 60. Kh3 Rd3 61. Kg2 Rc3 62. Qe4 Rb3 63. Qc4 Rb2+ 64. Kh3 Rd2 65.
Qb4 Rd4 66. Qe1 Rd5 67. Qb4 Bd4 68. Qe7 Kg6 69. Qe8 Be5 70. Qg8+ Bg7 71. Qc8 Rd4
72. Qc2+ f5 73. Qe2 Kf7 74. Kg2 Rb4 75. Qd3 Bd4 76. Kh3 Bf6 77. Qd7+ Be7 78. Qd3
g4+ 79. fxg4 Rxg4 80. Qd7 Kf6 81. Qc6 Rd4 82. Qc3 e5 83. Qc6+ Bd6 84. Qe8 Rg4
85. Qd8+ Be7 86. Qb6+ Kf7 87. Qb3+ Kf6 88. Qb6+ Kf7 89. Qb3+ Kg6 90. Qg8+ Kf6
91. Qh8+ Rg7 92. Qh6+ Kf7 93. Qh5+ Ke6 94. Qe8 e4 95. Qc8+ Kf6 96. Qc6+ Kg5 97.
Qc1+ Kg6 98. Qc6+ Bf6 99. Qe8+ Kg5 100. Qc6 e3 101. Qf3 Re7 102. Qe2 Bd4 103. g4
Rh7+ 104. Kg2 Rb7 105. Qf3 Rb2+ 106. Kh3 Rf2 107. Qg3 e2 108. Qh4+ Kf4 109.
gxf5+ Kf3 110. Qh5+ Ke3 111. Qg5+ Kd3 112. Qg3+ Kd2 113. Qg5+ Kc2 114. Qe7 Kd1 0-1

[Event "European Rapid 2021"]
[Site "Katowice POL"]
[Date "2021.12.18"]
[Round "2.4"]
[White "Balog, Imre"]
[Black "Szente Varga, Fruzsina"]
[Result "1-0"]
[WhiteTitle "GM"]
[BlackTitle "WFM"]
[WhiteElo "2577"]
[BlackElo "2072"]
[WhiteFideId "728446"]
[BlackFideId "712264"]
[EventDate "2021.12.18"]

1. d4 Nf6 2. c4 g6 3. Nc3 Bg7 4. g3 c6 5. e4 d6 6. Bg2 O-O 7. Nf3 Qc7 8. O-O e5
9. h3 a6 10. dxe5 dxe5 11. c5 Rd8 12. Qc2 b5 13. cxb6 Qxb6 14. Nxe5 Be6 15. Be3
Qc7 16. Nd3 Nbd7 17. Na4 Re8 18. Rac1 Rac8 19. b3 h5 20. Bg5 Qa5 21. Qd2 Qb5 22.
Ndc5 Bf8 23. Be3 Rcd8 24. Qc2 Nxc5 25. Nxc5 Bg7 26. Rfd1 Rxd1+ 27. Rxd1 Kh7 28.
Bd4 Bc8 29. a4 Qa5 30. Qc3 Qd8 31. Re1 Qe7 32. Qb2 Rd8 33. e5 Nd5 34. e6 Bxd4
35. Qxd4 Nc7 36. Qe5 Nxe6 37. Ne4 Qb4 38. Nf6+ Kh6 39. Bxc6 Qd4 40. Bd5 Qxe5 41.
Rxe5 Kg7 42. Ne4 Nd4 43. Nc3 Bxh3 44. Re4 Nf3+ 45. Kh1 Ng5 46. Re5 Kf6 47. f4
Ne6 48. b4 Bf5 49. Kg1 Rc8 50. Re3 h4 51. Bb7 Rc4 52. Bxa6 Rd4 53. gxh4 Nxf4 54.
b5 Rb4 55. Bb7 Kg7 56. a5 Nh3+ 57. Rxh3 Bxh3 58. a6 Rg4+ 59. Kf2 Rf4+ 60. Ke3
Rc4 61. Kd2 Bc8 62. Bxc8 Rxc8 63. b6 1-0

[Event "European Rapid 2021"]
[Site "Katowice POL"]
[Date "2021.12.18"]
[Round "2.5"]
[White "Lis, Mateusz"]
[Black "Bernadskiy, Vitaliy"]
[Result "1/2-1/2"]
[BlackTitle "GM"]
[WhiteElo "2068"]
[BlackElo "2599"]
[WhiteFideId "1184733"]
[BlackFideId "14100371"]
[EventDate "2021.12.18"]

1. e4 c5 2. Nf3 d6 3. d4 cxd4 4. Nxd4 Nf6 5. Nc3 a6 6. Be3 e5 7. Nf3 Qc7 8. a4
Be7 9. Be2 O-O 10. O-O h6 11. a5 Be6 12. Qd3 Nbd7 13. Nd2 Nc5 14. Bxc5 Qxc5 15.
Nc4 Rad8 16. Nb6 d5 17. exd5 Nxd5 18. Ncxd5 Bxd5 19. Nxd5 Rxd5 20. Qb3 Rd7 21.
Bf3 Rc7 22. c3 Rd8 23. Qc2 Rcd7 24. Rfd1 g6 25. g3 Kg7 26. Rxd7 Rxd7 27. Rd1
Rxd1+ 28. Qxd1 Qxa5 29. Qd7 Qc5 30. Qxb7 a5 31. Kg2 Bd8 32. Bd5 Bc7 33. h4 e4
34. b4 Qxc3 35. bxa5 Qf3+ 36. Kg1 Qd1+ 37. Kg2 e3 38. Qb2+ Kg8 39. Bf3 Qd6 40.
a6 exf2 41. Qxf2 Bb6 42. a7 Bxf2 43. a8=Q+ Kh7 44. Kxf2 Qd4+ 45. Kg2 Qd2+ 46.
Kh3 Qd7+ 47. g4 h5 48. Qe4 hxg4+ 49. Qxg4 1/2-1/2